000 00432nam a2200145Ia 4500
003 sisc
005 20180307145305.0
008 180305s9999 xx 000 0 und d
020 _a9781442278837
100 _aHargrove, Cheryl M.
245 _cCheryl M. Hargrove
_aCultural Heritage Tourism:
_bFive Steps for Success and Sustainability/
260 _aUSA
_bRowman & Littlefield
_c2017
300 _avii, 377 Pages
942 _2lcc
_cBK
999 _c356054
_d356054